Make long words: South America - Statistics

General Stats
  • This quiz has been taken 6 times
  • The average score is 4 of 12
Answer Stats
Country Longest word % Correct
Peru Pure
83%
Chile Lice
67%
Ecuador Adore
50%
Suriname Marines
50%
Uruguay Augur
33%
Venezuela Eleven
33%
Paraguay Pray
33%
Colombia Bloom
17%
Brazil Liar
17%
Bolivia Viola
17%
Guyana Yang
17%
Argentina Aerating
0%
No matching quizzes found
Score Distribution
Percent of People with Each Score
Percentile by Number Answered
Your Score History
You have not taken this quiz